000 00903nam a22002177a 4500
999 _c21279
_d21279
003 AR-CdUCM
008 190411b ||||| |||| 00| 0 spa d
040 _aMUNICIPALIDAD PROVINCIAL DEL CUSCO
_cBIBLIOTECA MUNICIPAL DEL CUSCO
082 _aPI/372/O82
_bO82
110 _aOSITRAN
_944451
245 _aPrimer concurso de cuentos OSITRAN contigo por las rutas del Perú /
260 _aLima ;
_bKink'os,
_c2018.
300 _a27 Páginas. :
_bilustraciones en color ;
_c23x21 cm.
505 _aContenido: El deseo agradecido. Eduardo Rodrigo Wong León -- La carretera de la muerte. Estefano Cantuta Salvador. -- El amante de trenes. Tania Araceli Barrena Gálvez.
650 _aHistoria infantil
_931275
700 _aWong León, Eduardo Rodrigo
_944452
700 _aCantuta Salvador, Estefano
_944453
700 _aBarrena Gálvez, Tania Araceli
_944454
942 _2ddc
_cLIBROS
945 _aRoel